| 000 | 01002cam a22003137i 4500 | ||
|---|---|---|---|
| 001 | 17866390 | ||
| 005 | 20180308034020.0 | ||
| 008 | 130827t20142013nyua b 001 0 eng d | ||
| 010 | _a 2013948990 | ||
| 020 | _a9781610393935 paperback | ||
| 020 | _a1610393937 | ||
| 020 | _z978116039394 ebook | ||
| 035 | _a(OCoLC)ocn852733346 | ||
| 040 |
_aYDXCP _beng _cYDXCP _erda _dBTCTA _dCLE _dFMU _dCGP _dVP@ _dOCLCQ _dOCLCF _dDLC |
||
| 041 | _aeng | ||
| 042 | _alccopycat | ||
| 080 | _a658.15 JOH | ||
| 082 | 0 | 4 |
_a658.15 JOH _223 |
| 100 | 1 | _a58 | |
| 101 | _aMAN | ||
| 245 | 1 | 0 |
_aGuide to financial management : _cJohn Tennent. |
| 246 | 3 | _aEconomist guide to financial management | |
| 246 | 1 |
_iAt head of title: _aEconomist |
|
| 504 | _aIncludes bibliographical references (page 344) and index. | ||
| 906 |
_a7 _bcbc _ccopycat _d2 _encip _f20 _gy-gencatlg |
||
| 942 |
_2ddc _cBK |
||
| 999 |
_c44380 _d44380 |
||